| 000 | 01336nam a22003617a 4500 | ||
|---|---|---|---|
| 003 | CHAP | ||
| 005 | 20220329135710.0 | ||
| 008 | 971013s1971 r 00010 d | ||
| 010 | _a40743 | ||
| 011 | _a41715 | ||
| 035 | _a45841 | ||
| 040 | _cCHAP | ||
| 090 | _aTesis | ||
| 100 | 0 | 0 |
_aMorton Garza, César A. _978965 |
| 245 |
_aAnálisis económicos ex-ante de un proyecto industrial _b: un análisis de la determinación de la localización, mercado, escala de planta y rentabilidad de un empresa productora de alimento balanceado |
||
| 260 |
_aMonterrey, N.L. : _bEl autor, _c1971 |
||
| 300 | _a106 h | ||
| 502 | _aTesis (Lic. en Economía) -- Univ. Autónoma de Nuevo León. Fac. de Economía | ||
| 590 |
_aALEPH _b10 _c20130110 _lUCH01 _h1309 |
||
| 590 |
_aBATCH-UPD _b10 _c20130110 _lUCH01 _h1148 |
||
| 590 |
_aBATCH-UPD _b10 _c20130410 _lUCH01 _h0733 |
||
| 590 |
_aBATCH-UPD _b10 _c20130914 _lUCH01 _h0134 |
||
| 590 |
_aBATCH-UPD _b10 _c20130914 _lUCH01 _h1831 |
||
| 590 |
_aCONVERSION _b10 _c20130109 _lUCH01 _h1322 |
||
| 650 | 1 | 4 |
_aAlimentos _xIndustria. _94227 |
| 650 | 1 | 4 |
_aAlimentos _xMercadeo. _94245 |
| 650 | 1 | 4 |
_aIndustria _xNuevo León. _957755 |
| 650 | 1 | 4 |
_aIndustria _xOrganización. _957757 |
| 901 | _aBK | ||
| 942 | _cFOLL | ||
| 949 |
_bBC _cTES _d-104605 _eTS1 _i45841 _si |
||
| 949 |
_bBC _cTES _d-104606 _eTS2 _fc.2 _i45841 _si |
||
| 999 |
_c40743 _d40743 |
||